[Event "GER-chT U14 Girls"]
[Site "Neumuenster"]
[Date "2017.12.30"]
[Round "7.3"]
[White "Buente, Kirsten"]
[Black "Chung, Dana"]
[Result "1-0"]
[WhiteElo "1557"]
[BlackElo "1282"]
[PlyCount "115"]
[EventDate "2017.12.26"]
[EventType "team-swiss"]
[EventRounds "7"]
[EventCountry "GER"]
[SourceTitle "CBM 182 Extra"]
[Source "ChessBase"]
[SourceDate "2018.02.23"]
[SourceVersion "1"]
[SourceVersionDate "2018.02.23"]
[SourceQuality "1"]
[WhiteTeam "Brackel"]
[BlackTeam "Karlsruhe SF"]
[WhiteTeamCountry "GER"]
[BlackTeamCountry "GER"]

1. d4 d5 2. c4 e6 3. Nc3 Nf6 4. Bg5 Nbd7 5. e3 c6 6. Nf3 Be7 7. Qc2 Qc7 8. Bd3 h6 9. Bf4 Bd6 10. Bg3 Bxg3 11. hxg3 b6 12. Rc1 Bb7 13. 0-0 c5 14. cxd5 Nxd5 15. Nxd5 Bxd5 16. b3 Rc8 17. Be4 Bxe4 18. Qxe4 0-0 19. Qc2 Qd6 20. Qd2 Rc7 21. Rfd1 Rfc8 22. Kf1 Rc6 23. Rc2 cxd4 24. Rxc6 Qxc6 25. Nxd4 Qc3 26. Qxc3 Rxc3 27. Nb5 Rc5 28. Rxd7 Rxb5 29. Rxa7 Ra5 30. Rxa5 bxa5 31. Ke2 Kf8 32. Kd3 Ke8 33. Kc4 Kd8 34. Kb5 Kc8 35. Kxa5 Kb7 36. Kb5 h5 37. Kc5 Kc7 38. a4 g5 39. a5 f6 40. b4 e5 41. Kd5 Kd7 42. a6 Kc7 43. b5 g4 44. Ke6 f5 45. Kxf5 e4 46. Kxe4 h4 47. gxh4 Kc8 48. a7 Kb7 49. b6 Ka8 50. h5 Kb7 51. h6 Ka8 52. h7 Kb7 53. h8Q Kxb6 54. Qb8+ Kc5 55. a8R Kc4 56. Qc7+ Kb4 57. Rb8+ Ka4 58. Qa7# 1-0

[Event "GER-chT U14 Girls"]
[Site "Neumuenster"]
[Date "2017.12.27"]
[Round "2.3"]
[White "Kublanov, Elizabeth"]
[Black "Buente, Kirsten"]
[Result "1-0"]
[WhiteElo "1613"]
[BlackElo "1557"]
[PlyCount "95"]
[EventDate "2017.12.26"]
[EventType "team-swiss"]
[EventRounds "7"]
[EventCountry "GER"]
[SourceTitle "CBM 182 Extra"]
[Source "ChessBase"]
[SourceDate "2018.02.23"]
[SourceVersion "1"]
[SourceVersionDate "2018.02.23"]
[SourceQuality "1"]
[WhiteTeam "Solingen SG"]
[BlackTeam "Brackel"]
[WhiteTeamCountry "GER"]
[BlackTeamCountry "GER"]

1. e4 c6 2. Nf3 d5 3. exd5 cxd5 4. Ne5 Nf6 5. d4 e6 6. c3 Bd6 7. Bg5 0-0 8. Bd3 Nbd7 9. f4 Be7 10. Nd2 h6 11. Bh4 Nh7 12. Bxe7 Qxe7 13. 0-0 Ndf6 14. Rf3 Kh8 15. Rh3 Bd7 16. Ndf3 Qe8 17. Qc2 Ba4 18. b3 Bb5 19. c4 dxc4 20. bxc4 Ba4 21. Qb1 Bc6 22. Ng5 Nxg5 23. fxg5 Ng8 24. Bh7 Qd8 25. Nxc6 bxc6 26. Bxg8 Kxg8 27. gxh6 Qxd4+ 28. Kh1 gxh6 29. Rxh6 Qg7 30. Rh3 Rab8 31. Qe1 Qf6 32. Rc1 Rb2 33. Rcc3 Rxg2 34. Kxg2 Rb8 35. Rcg3+ Kf8 36. Rf3 Rb2+ 37. Kf1 Qg6 38. Rhg3 Qh7 39. Rh3 Qg6 40. Rh8+ Ke7 41. Qh4+ f6 42. Qh7+ Qxh7 43. Rxh7+ Kd6 44. Rxa7 Rxh2 45. Rxf6 Ke5 46. Rf2 Rh1+ 47. Ke2 Rc1 48. Kd3 1-0

[Event "GER-ch U14 Girls"]
[Site "Willingen"]
[Date "2016.05.17"]
[Round "5"]
[White "Buente, Kirsten"]
[Black "Kung, Fanny"]
[Result "0-1"]
[WhiteElo "1593"]
[BlackElo "1571"]
[PlyCount "100"]
[EventDate "2016.05.15"]
[EventType "swiss"]
[EventRounds "9"]
[EventCountry "GER"]
[SourceTitle "CBM 172 Extra"]
[Source "ChessBase"]
[SourceDate "2016.06.21"]
[SourceVersion "1"]
[SourceVersionDate "2016.06.21"]
[SourceQuality "1"]

1. d4 Nf6 2. Nf3 e6 3. Bg5 Be7 4. Nbd2 d5 5. e3 0-0 6. c4 b6 7. Bd3 c5 8. Qc2 h6 9. Bf4 Nc6 10. a3 dxc4 11. Qxc4 Bb7 12. dxc5 Bxc5 13. 0-0 Qd7 14. b4 Be7 15. Be2 Rac8 16. Qb3 g5 17. Bg3 g4 18. Nd4 Nxd4 19. exd4 Qxd4 20. Rfd1 Ne4 21. Nc4 Qf6 22. Bxg4 Bd5 23. Rac1 Bd6 24. Bf3 Nxg3 25. hxg3 Bxf3 26. Qxf3 Qxf3 27. gxf3 Bb8 28. Kf1 Rfd8 29. Ke2 Rxd1 30. Kxd1 b5 31. Ne3 Rxc1+ 32. Kxc1 a6 33. Kc2 Ba7 34. Kd3 f5 35. Ke2 Kf7 36. f4 Kg6 37. f3 h5 38. Nc2 Kf6 39. Ne3 Ke7 40. Kd3 Kd6 41. Kd2 Bd4 42. Kd3 Bxe3 43. Kxe3 Kd5 44. Kd3 e5 45. fxe5 Kxe5 46. f4+ Kd5 47. Kc3 Ke4 48. Kb3 Kf3 49. a4 Kxg3 50. axb5 axb5 0-1

[Event "GER-ch U14 Girls"]
[Site "Willingen"]
[Date "2016.05.15"]
[Round "2"]
[White "Mundt, Alexandra"]
[Black "Buente, Kirsten"]
[Result "1-0"]
[WhiteElo "1259"]
[BlackElo "1593"]
[PlyCount "113"]
[EventDate "2016.05.15"]
[EventType "swiss"]
[EventRounds "9"]
[EventCountry "GER"]
[SourceTitle "CBM 172 Extra"]
[Source "ChessBase"]
[SourceDate "2016.06.21"]
[SourceVersion "1"]
[SourceVersionDate "2016.06.21"]
[SourceQuality "1"]

1. e4 c6 2. d4 d5 3. e5 c5 4. c3 Nc6 5. Nf3 Bg4 6. Be3 e6 7. Be2 Nge7 8. 0-0 Nf5 9. Re1 Be7 10. Nbd2 Qb6 11. dxc5 Bxc5 12. Bxc5 Qxc5 13. Nb3 Qb6 14. h3 Bxf3 15. Bxf3 0-0 16. Qc2 Qc7 17. Qe2 Nfe7 18. Nc5 Nxe5 19. Qxe5 Qxc5 20. Rac1 Ng6 21. Qg3 Qc4 22. a3 Qf4 23. Qxf4 Nxf4 24. Rcd1 Rfe8 25. Rd4 Ng6 26. Rb4 b6 27. Rd4 Rad8 28. c4 dxc4 29. Rxc4 Rc8 30. Ra4 a5 31. b4 axb4 32. Rxb4 Rc3 33. a4 Ra3 34. Rxb6 Rd8 35. Ra6 e5 36. a5 f5 37. Ra7 e4 38. Be2 Ne5 39. Rc1 h6 40. Rcc7 g6 41. Rg7+ Kf8 42. Rh7 Kg8 43. Rxh6 Rd6 44. Rhh7 Nd3 45. Rhc7 Rd8 46. Rg7+ Kf8 47. Rxg6 f4 48. Rf6+ Kg8 49. Bh5 Ra1+ 50. Kh2 e3 51. Bf7+ Kg7 52. Rg6+ Kh8 53. fxe3 fxe3 54. Re6 Re1 55. Rh6+ Kg7 56. Rg6+ Kh8 57. Be6 1-0

[Event "GER-chT U14 Girls"]
[Site "Regensburg"]
[Date "2014.12.29"]
[Round "6.1"]
[White "Buente, Kirsten"]
[Black "Rudolph, Eva"]
[Result "0-1"]
[WhiteElo "1316"]
[BlackElo "1278"]
[PlyCount "106"]
[EventDate "2014.12.27"]
[EventType "team-swiss"]
[EventRounds "7"]
[EventCountry "GER"]
[SourceTitle "EXT 2016"]
[Source "ChessBase"]
[SourceDate "2015.10.08"]
[SourceVersion "1"]
[SourceVersionDate "2015.10.08"]
[SourceQuality "1"]
[WhiteTeam "Guetersloh"]
[BlackTeam "Duesseldorf"]
[WhiteTeamCountry "GER"]
[BlackTeamCountry "GER"]

1. e4 e5 2. Nf3 d6 3. Nc3 Be7 4. Bc4 Nf6 5. d3 0-0 6. Be3 c6 7. h3 d5 8. exd5 cxd5 9. Nxe5 dxc4 10. Nxc4 Re8 11. Qf3 Bc5 12. 0-0-0 Bxe3+ 13. fxe3 Nc6 14. g4 Be6 15. Nd2 a6 16. Rhg1 Qd7 17. e4 Reb8 18. g5 Ne8 19. h4 Ne5 20. Qf4 Qd6 21. Qf2 b5 22. Kb1 b4 23. Ne2 a5 24. d4 Ng4 25. Qf3 a4 26. d5 Bd7 27. Nc4 Qc5 28. Qd3 Nf2 29. Qe3 Qxe3 30. Nxe3 Nxd1 31. Rxd1 Rd8 32. Nc4 Bg4 33. Re1 Bxe2 34. Rxe2 Nd6 35. Ne5 Rac8 36. Nc6 Re8 37. e5 Nc4 38. b3 axb3 39. cxb3 Nb6 40. Rd2 Nxd5 41. Rxd5 Rxc6 42. Kb2 Rce6 43. a3 bxa3+ 44. Kxa3 Rxe5 45. Rxe5 Rxe5 46. b4 f6 47. gxf6 gxf6 48. Ka4 f5 49. b5 Re8 50. Ka5 f4 51. b6 f3 52. b7 f2 53. b8Q Rxb8 0-1

[Event "GER-chT U14 Girls"]
[Site "Regensburg"]
[Date "2014.12.28"]
[Round "3.1"]
[White "Buente, Kirsten"]
[Black "Oberhofer, Marie"]
[Result "1/2-1/2"]
[WhiteElo "1316"]
[BlackElo "1671"]
[PlyCount "62"]
[EventDate "2014.12.27"]
[EventType "team-swiss"]
[EventRounds "7"]
[EventCountry "GER"]
[SourceTitle "EXT 2016"]
[Source "ChessBase"]
[SourceDate "2015.10.08"]
[SourceVersion "1"]
[SourceVersionDate "2015.10.08"]
[SourceQuality "1"]
[WhiteTeam "Guetersloh"]
[BlackTeam "Regensburg Bavaria"]
[WhiteTeamCountry "GER"]
[BlackTeamCountry "GER"]

1. d4 Nf6 2. Nf3 g6 3. c4 c5 4. e3 Bg7 5. Nc3 0-0 6. Bd3 d6 7. 0-0 Bg4 8. Be2 Qc7 9. Bd2 Nbd7 10. b3 Nb6 11. Ng5 Bxe2 12. Qxe2 d5 13. Nb5 Qc8 14. Rac1 dxc4 15. bxc4 Qf5 16. e4 Qc8 17. d5 a6 18. Nc3 Nfd7 19. f4 Re8 20. e5 Nf8 21. Rb1 Nbd7 22. Nce4 f6 23. e6 fxg5 24. exd7 Nxd7 25. Nxg5 Nf8 26. Qd3 Bd4+ 27. Kh1 e6 28. dxe6 Nxe6 29. Ne4 Qc6 30. Rbe1 Rad8 31. Qc2 Ng7 1/2-1/2

[Event "GER-chT U14 Girls"]
[Site "Regensburg"]
[Date "2014.12.27"]
[Round "1.1"]
[White "Buente, Kirsten"]
[Black "Nguyen, Ha Thanh"]
[Result "0-1"]
[WhiteElo "1316"]
[BlackElo "1617"]
[PlyCount "62"]
[EventDate "2014.12.27"]
[EventType "team-swiss"]
[EventRounds "7"]
[EventCountry "GER"]
[SourceTitle "EXT 2016"]
[Source "ChessBase"]
[SourceDate "2015.10.08"]
[SourceVersion "1"]
[SourceVersionDate "2015.10.08"]
[SourceQuality "1"]
[WhiteTeam "Guetersloh"]
[BlackTeam "Erfurt Empor"]
[WhiteTeamCountry "GER"]
[BlackTeamCountry "GER"]

1. d4 d5 2. c4 e6 3. Nc3 f5 4. Nf3 Nf6 5. Bg5 c6 6. e3 Bd6 7. c5 Bc7 8. Bd3 Nbd7 9. 0-0 0-0 10. Qe2 Qe8 11. Bxf6 Nxf6 12. h3 Ne4 13. Nd2 Bd7 14. Bxe4 fxe4 15. f4 Qg6 16. Kh1 Bd8 17. Qf2 Bf6 18. Kh2 e5 19. Qg3 Qxg3+ 20. Kxg3 exd4 21. exd4 Bxd4 22. Nb3 Bf6 23. Rad1 Rfe8 24. Rfe1 Re7 25. Na5 Bf5 26. Nb3 Rd8 27. Ne2 Bxb2 28. Kf2 e3+ 29. Kf1 Bc2 30. Rd4 Bxd4 31. Nexd4 Bd3+ 0-1

[Event "GER-chT U14 Girls"]
[Site "Regensburg"]
[Date "2014.12.27"]
[Round "2.1"]
[White "Moenster, Madita"]
[Black "Buente, Kirsten"]
[Result "1-0"]
[WhiteElo "1550"]
[BlackElo "1316"]
[PlyCount "175"]
[EventDate "2014.12.27"]
[EventType "team-swiss"]
[EventRounds "7"]
[EventCountry "GER"]
[SourceTitle "EXT 2016"]
[Source "ChessBase"]
[SourceDate "2015.10.08"]
[SourceVersion "1"]
[SourceVersionDate "2015.10.08"]
[SourceQuality "1"]
[WhiteTeam "Nordhorn Blanke"]
[BlackTeam "Guetersloh"]
[WhiteTeamCountry "GER"]
[BlackTeamCountry "GER"]

1. e4 e5 2. Nf3 Nf6 3. Nc3 Nc6 4. Bb5 d6 5. 0-0 Bg4 6. d3 h6 7. Be3 Be7 8. Re1 0-0 9. Bxc6 bxc6 10. h3 Bh5 11. Qe2 Qd7 12. Bd2 Rab8 13. Rab1 Qe6 14. Qe3 Rb7 15. Nh4 Bg6 16. Nxg6 fxg6 17. b3 a6 18. Ne2 Nh5 19. d4 Bg5 20. Qc3 Bxd2 21. Qxd2 Rbb8 22. Rbd1 Rf6 23. dxe5 Qxe5 24. Qd4 Qxd4 25. Nxd4 c5 26. Nc6 Rbf8 27. f3 Nf4 28. Kh2 Re8 29. e5 Rfe6 30. g3 Nh5 31. Rd5 Nf6 32. Rdd1 dxe5 33. Na5 e4 34. f4 Rd6 35. Nc4 Rxd1 36. Rxd1 e3 37. Re1 Nd5 38. Kg2 e2 39. Kf2 Nc3 40. a3 Rd8 41. h4 Rd1 42. Ne3 Rd2 43. Ng4 Rd1 44. Ne5 Rd2 45. Nf3 Rxc2 46. Ng1 Ne4+ 47. Kf3 Nd2+ 48. Kxe2 Nxb3+ 49. Kd3 Nd4 50. Re8+ Kf7 51. Rc8 Rc1 52. Rxc7+ Kg8 53. Nh3 Rd1+ 54. Kc4 Rc1+ 55. Kd5 Nb5 56. Rc8+ Kf7 57. Rc6 c4 58. Nf2 Nc3+ 59. Kc5 Nb5 60. Rxa6 Rc2 61. Nd1 Nc3 62. Ne3 Rc1 63. Nxc4 Ne2 64. Ra7+ Kf6 65. Kd5 Nxg3 66. Ne5 Rd1+ 67. Kc6 Rc1+ 68. Kb6 Nf5 69. Nd7+ Ke6 70. Nf8+ Kf6 71. Nd7+ Ke6 72. Ne5 Kf6 73. a4 Nxh4 74. Rf7+ Ke6 75. Rxg7 Kf5 76. Nd3 Rd1 77. Rd7 Rb1+ 78. Kc6 Ra1 79. Rd5+ Kg4 80. a5 g5 81. fxg5 hxg5 82. Kb6 Rb1+ 83. Rb5 Rd1 84. Nf2+ Kf3 85. Nxd1 g4 86. a6 g3 87. Rb3+ Kf4 88. Rxg3 1-0

[Event "GER-ch U10"]
[Site "Oberhof"]
[Date "2013.05.24"]
[Round "10"]
[White "Huels, Maximilian"]
[Black "Buente, Kirsten"]
[Result "1-0"]
[WhiteElo "1617"]
[BlackElo "1182"]
[PlyCount "87"]
[EventDate "2013.05.19"]
[EventType "swiss"]
[EventRounds "11"]
[EventCountry "GER"]
[SourceTitle "CBM 154 Extra"]
[Source "ChessBase"]
[SourceDate "2013.06.25"]
[SourceVersion "2"]
[SourceVersionDate "2013.06.25"]
[SourceQuality "1"]

1. d4 d5 2. e3 Nf6 3. f4 e6 4. Nf3 Nc6 5. Bd3 Bd6 6. Nbd2 Bd7 7. 0-0 0-0 8. Ne5 Ne7 9. g4 Bxe5 10. fxe5 Ne8 11. b3 f6 12. Qf3 Nc6 13. Ba3 Rf7 14. g5 f5 15. h4 g6 16. Qf4 h5 17. gxh6 Rh7 18. Qg5 Qxg5+ 19. hxg5 Nd8 20. c4 c6 21. Nf3 a6 22. Rab1 b5 23. Nh4 Kf7 24. Nf3 Nb7 25. Nh2 Na5 26. Bb4 Nb7 27. Ng4 a5 28. Bd2 c5 29. Nf6 Nxf6 30. exf6 b4 31. Rbc1 Rc8 32. cxd5 exd5 33. Ba6 Rc7 34. Bxb7 Rxb7 35. Rxc5 Ra7 36. Rfc1 Ke6 37. Rc7 Ra8 38. R1c6+ Bxc6 39. Rxh7 Re8 40. Rg7 Rh8 41. Rxg6 Rh7 42. Rg7 Rh8 43. f7 Rf8 44. h7 1-0

[Event "GER-ch U10"]
[Site "Oberhof"]
[Date "2013.05.22"]
[Round "7"]
[White "Buente, Kirsten"]
[Black "Wachinger, Nikolas"]
[Result "1-0"]
[WhiteElo "1182"]
[BlackElo "1007"]
[PlyCount "63"]
[EventDate "2013.05.19"]
[EventType "swiss"]
[EventRounds "11"]
[EventCountry "GER"]
[SourceTitle "CBM 154 Extra"]
[Source "ChessBase"]
[SourceDate "2013.06.25"]
[SourceVersion "2"]
[SourceVersionDate "2013.06.25"]
[SourceQuality "1"]

1. e4 c5 2. c3 Nc6 3. d4 cxd4 4. cxd4 d6 5. Nf3 Nf6 6. Nc3 Bg4 7. Be3 e6 8. Bd3 Be7 9. 0-0 d5 10. exd5 exd5 11. Re1 0-0 12. Bb5 Rb8 13. Rc1 a6 14. Bxc6 bxc6 15. b3 Bb4 16. Bg5 h6 17. Bxf6 Qxf6 18. Re3 Rfe8 19. Qd3 Qf4 20. Ne5 f6 21. Nxc6 Bxc3 22. Nxb8 Bxd4 23. Rxe8+ Kf7 24. Rc2 Kxe8 25. Qg3 Qe4 26. Rc1 Bb2 27. Rf1 Be2 28. Re1 Qd4 29. Qg6+ Kf8 30. Nd7+ Kg8 31. Qe8+ Kh7 32. Nf8+ 1-0

[Event "GER-ch U10"]
[Site "Oberhof"]
[Date "2013.05.21"]
[Round "5"]
[White "Buente, Kirsten"]
[Black "Glinzner, Alva"]
[Result "0-1"]
[WhiteElo "1182"]
[BlackElo "974"]
[PlyCount "110"]
[EventDate "2013.05.19"]
[EventType "swiss"]
[EventRounds "11"]
[EventCountry "GER"]
[SourceTitle "CBM 154 Extra"]
[Source "ChessBase"]
[SourceDate "2013.06.25"]
[SourceVersion "2"]
[SourceVersionDate "2013.06.25"]
[SourceQuality "1"]

1. e4 e5 2. Nf3 Nc6 3. Bc4 Bc5 4. Nc3 Nf6 5. d3 d6 6. a3 Bg4 7. h3 Bh5 8. g4 Bg6 9. Qe2 Qd7 10. Be3 Bxe3 11. Qxe3 0-0-0 12. Bb5 Rhe8 13. Bxc6 Qxc6 14. Qxa7 d5 15. exd5 Nxd5 16. Qa8+ Kd7 17. Qa4 Nxc3 18. Qxc6+ bxc6 19. bxc3 e4 20. Nh4 exd3+ 21. Kd2 Re2+ 22. Kd1 Be4 23. Re1 Rxe1+ 24. Kxe1 dxc2 25. f3 Bd3 26. Kd2 Ke8 27. Re1+ Kf8 28. Rh1 g5 29. Ng2 Rb8 30. Kxd3 Rb1 31. Kxc2 Rxh1 32. a4 Rh2 33. Kb3 Rxg2 34. Kb4 Re2 35. c4 Ke7 36. Ka5 Ra2 37. Kb4 c5+ 38. Kb5 Kd6 39. a5 Kd7 40. Ka6 Kc8 41. Kb5 f6 42. Ka6 Kb8 43. Kb5 Kb7 44. a6+ Rxa6 45. Kxc5 Ra5+ 46. Kd4 f5 47. c5 Kc6 48. gxf5 Rxc5 49. f6 Rd5+ 50. Ke4 Rd8 51. Ke5 Re8+ 52. Kf5 Kd6 53. Kxg5 Rf8 54. f4 c5 55. f5 c4 0-1